000 00928nam a22002057a 4500
999 _c8965
_d8965
003 AR-CdUCM
008 190327b ||||| |||| 00| 0 spa d
040 _aMUNICIPALIDAD PROVINCIAL DEL CUSCO
_cBIBLIOTECA MUNICIPAL DEL CUSCO
082 _a286 /
_bV47
110 _aWatchtower Bible and Tract Society of New York.
_924865
245 _aLa verdad que lleva a vida eterna /
260 _aBrooklyn, Nueva York :
_bWatchtower Bible and Tract Society,
_c1968.
300 _a190 páginas ;
_bilustraciones,
_c16 cm.
505 _aContenido: Lo sabio de examinar uno su religión -- ¿Quién es Dios? -- Por qué envejecemos y morimos -- ¿Donde están los muertos? -- Jesucristo, el medio que Dios usa para bendecir a la humanidad -- ¿Hay espíritu inicuos? ...
650 _aTestigos de Jehová (Secta protestante)
_924866
650 _aInmortalidad
_924867
650 _aDoctrinas
_919990
942 _2ddc
_cLIBROS
945 _aachl